Представление документа в формате RUSMARC

Поле Инд. ПП Название Значение
Тип записи a
Библиографический уровень a
001 Контрольный номер 6866e6da236547feb4884263307b77aa
005 Дата корректировки 20181120134524.0
100 a Данные общей обработки 20180822 ||| 0rusy0189 ca
101 0_ a Язык текста rus
102 a Страна публикации RU
200 1_ f Первые сведения об ответственности В.И. Симонов
a Заглавие Труд судьи сквозь призму правового статуса
210 d Дата издания 2018
461 _0 1 2000
a Российский судья
463 _0 1 2000
a №4
v С. 40-42
1 2101
d 2018
1 0019e28effe1749440689087485caf246c4
606 a Основная рубрика Правоохранительные и судебные органы
610 0_ a Ключевые слова СУДЬЯ
a Ключевые слова СТАТУС ПРАВОВОЙ
700 _1 a Фамилия Симонов
b Имя В.И.
801 _0 a Страна RU
b Организация РГУП
c Дата составления 20180822
g Правила каталогизации PSBO
801 _1 a Страна RU
b Организация РГУП
c Дата составления 20180822
g Правила каталогизации PSBO
901 t Тип документа b
w Контрольный № источника 9e28effe1749440689087485caf246c4
905 a Дата ввода 20180822